<?xml version="1.0" encoding="UTF-8"?>
<record
    xmlns:xsi="http://www.w3.org/2001/XMLSchema-instance"
    xsi:schemaLocation="http://www.loc.gov/MARC21/slim http://www.loc.gov/standards/marcxml/schema/MARC21slim.xsd"
    xmlns="http://www.loc.gov/MARC21/slim">

  <leader>01180nam a2200253 a 4500</leader>
  <controlfield tag="001">39982</controlfield>
  <controlfield tag="003">BD-RjUL</controlfield>
  <controlfield tag="005">20211209053118.0</controlfield>
  <controlfield tag="008">160420m19941982ii ||||| |||| 00| 0 ben d</controlfield>
  <datafield tag="020" ind1=" " ind2=" ">
    <subfield code="c">: Tk.45.00</subfield>
  </datafield>
  <datafield tag="035" ind1=" " ind2=" ">
    <subfield code="a">(BD-RjUL)40096</subfield>
  </datafield>
  <datafield tag="040" ind1=" " ind2=" ">
    <subfield code="a">BD-RjUL</subfield>
    <subfield code="b">ben</subfield>
    <subfield code="c">BD-RjUL</subfield>
  </datafield>
  <datafield tag="041" ind1=" " ind2=" ">
    <subfield code="a">ben</subfield>
  </datafield>
  <datafield tag="082" ind1=" " ind2=" ">
    <subfield code="2">23</subfield>
    <subfield code="a">294.5921</subfield>
    <subfield code="b">SRV 1994</subfield>
  </datafield>
  <datafield tag="100" ind1=" " ind2=" ">
    <subfield code="a">&#x9B6;&#x9CD;&#x9B0;&#x9C0;&#x9B6;&#x9CD;&#x9B0;&#x9C0;&#x9B8;&#x9A6;&#x9BE;&#x9A8;&#x9A8;&#x9CD;&#x9A6;&#x9AF;&#x9CB;&#x997;&#x9C0;&#x9A8;&#x9CD;&#x9A6;&#x9CD;&#x9B0;&#x9B8;&#x9B0;&#x9B8;&#x9CD;&#x9AC;&#x9A4;&#x9C0;</subfield>
    <subfield code="9">123146</subfield>
  </datafield>
  <datafield tag="245" ind1="1" ind2="0">
    <subfield code="a">&#x9AC;&#x9C7;&#x9A6;&#x9BE;&#x9A8;&#x9CD;&#x9A4;&#x9B8;&#x9BE;&#x9B0; /</subfield>
    <subfield code="c">&#x9B6;&#x9CD;&#x9B0;&#x9C0;&#x9B6;&#x9CD;&#x9B0;&#x9C0;&#x9B8;&#x9A6;&#x9BE;&#x9A8;&#x9A8;&#x9CD;&#x9A6;&#x9AF;&#x9CB;&#x997;&#x9C0;&#x9A8;&#x9CD;&#x9A6;&#x9CD;&#x9B0;&#x9B8;&#x9B0;&#x9B8;&#x9CD;&#x9AC;&#x9A4;&#x9C0;, &#x985;&#x9A8;&#x9C1;&#x9AC;&#x9BE;&#x9A6;&#x995; &#x993; &#x9AC;&#x9CD;&#x9AF;&#x9BE;&#x996;&#x9CD;&#x9AF;&#x9BE;&#x9A4;&#x9BE; &#x9AC;&#x9BF;&#x9AA;&#x9A6;&#x9AD;&#x99E;&#x9CD;&#x99C;&#x9A8; &#x9AA;&#x9BE;&#x9B2;</subfield>
  </datafield>
  <datafield tag="250" ind1=" " ind2=" ">
    <subfield code="a">&#x9B8;&#x982;&#x983; &#x9AA;&#x9C1;&#x983; &#x9AD;&#x9BE;&#x983; &#x9B8;&#x982;. &#x9E7;&#x9EF;&#x9EF;&#x9EA;</subfield>
  </datafield>
  <datafield tag="260" ind1=" " ind2=" ">
    <subfield code="a">&#x995;&#x9B2;&#x9BF;&#x995;&#x9BE;&#x9A4;&#x9BE; :</subfield>
    <subfield code="b">&#x9B8;&#x982;&#x9B8;&#x9CD;&#x995;&#x9C3;&#x9A4; &#x9AA;&#x9C1;&#x9B8;&#x9CD;&#x9A4;&#x995; &#x9AD;&#x9BE;&#x9A8;&#x9CD;&#x9A1;&#x9BE;&#x9B0;,</subfield>
    <subfield code="c">&#x9E7;&#x9EF;&#x9EF;&#x9EA;</subfield>
  </datafield>
  <datafield tag="300" ind1=" " ind2=" ">
    <subfield code="a">(i), &#x9E8;&#x9E8;&#x9EC; &#x9AA;&#x9C3;. ;</subfield>
    <subfield code="c">&#x9E8;&#x9E8; &#x9B8;&#x9C7;&#x9AE;&#x9BF;.</subfield>
  </datafield>
  <datafield tag="650" ind1=" " ind2=" ">
    <subfield code="a">&#x9AC;&#x9C7;&#x9A6; &#x9B8;&#x9BE;&#x9B9;&#x9BF;&#x9A4;&#x9CD;&#x9AF;</subfield>
    <subfield code="9">123147</subfield>
  </datafield>
  <datafield tag="650" ind1=" " ind2=" ">
    <subfield code="a">Vedic literature</subfield>
    <subfield code="9">118429</subfield>
  </datafield>
  <datafield tag="700" ind1=" " ind2=" ">
    <subfield code="a">&#x9AA;&#x9BE;&#x9B2;, &#x9AC;&#x9BF;&#x9AA;&#x9A6;&#x9AD;&#x99E;&#x9CD;&#x99C;&#x9A8;, &#x985;&#x9A8;&#x9C1;&#x9AC;&#x9BE;&#x9A6;&#x995; &#x993; &#x9AC;&#x9CD;&#x9AF;&#x9BE;&#x996;&#x9CD;&#x9AF;&#x9BE;&#x9A4;&#x9BE; </subfield>
    <subfield code="9">123148</subfield>
  </datafield>
  <datafield tag="942" ind1=" " ind2=" ">
    <subfield code="2">ddc</subfield>
    <subfield code="c">BK</subfield>
  </datafield>
  <datafield tag="999" ind1=" " ind2=" ">
    <subfield code="c">39982</subfield>
    <subfield code="d">39982</subfield>
  </datafield>
  <datafield tag="952" ind1=" " ind2=" ">
    <subfield code="0">0</subfield>
    <subfield code="1">0</subfield>
    <subfield code="2">ddc</subfield>
    <subfield code="4">0</subfield>
    <subfield code="7">1</subfield>
    <subfield code="8">NFIC</subfield>
    <subfield code="a">RUCL</subfield>
    <subfield code="b">RUCL</subfield>
    <subfield code="c">Reading</subfield>
    <subfield code="d">1996-08-27</subfield>
    <subfield code="e">D: BA: LA: Raj.</subfield>
    <subfield code="g">63.00</subfield>
    <subfield code="l">0</subfield>
    <subfield code="o">B 294.5921 SRV 1994</subfield>
    <subfield code="r">2016-04-20 00:00:00</subfield>
    <subfield code="t">C-1</subfield>
    <subfield code="w">2021-12-09</subfield>
    <subfield code="y">BK</subfield>
  </datafield>
  <datafield tag="952" ind1=" " ind2=" ">
    <subfield code="0">0</subfield>
    <subfield code="1">0</subfield>
    <subfield code="2">ddc</subfield>
    <subfield code="4">0</subfield>
    <subfield code="7">1</subfield>
    <subfield code="8">NFIC</subfield>
    <subfield code="a">RUCL</subfield>
    <subfield code="b">RUCL</subfield>
    <subfield code="c">Stack</subfield>
    <subfield code="d">1996-05-27</subfield>
    <subfield code="e">D: BA: LA: Raj.</subfield>
    <subfield code="g">63.00</subfield>
    <subfield code="l">0</subfield>
    <subfield code="o">B 294.5921 SRV 1994</subfield>
    <subfield code="r">2016-05-03 00:00:00</subfield>
    <subfield code="t">C-2</subfield>
    <subfield code="w">2016-05-03</subfield>
    <subfield code="y">BK</subfield>
  </datafield>
  <datafield tag="952" ind1=" " ind2=" ">
    <subfield code="0">0</subfield>
    <subfield code="1">0</subfield>
    <subfield code="2">ddc</subfield>
    <subfield code="4">0</subfield>
    <subfield code="7">0</subfield>
    <subfield code="8">NFIC</subfield>
    <subfield code="a">RUCL</subfield>
    <subfield code="b">RUCL</subfield>
    <subfield code="c">Stack</subfield>
    <subfield code="d">1996-05-27</subfield>
    <subfield code="e">D: BA: LA: Raj.</subfield>
    <subfield code="g">63.00</subfield>
    <subfield code="l">0</subfield>
    <subfield code="o">B 294.5921 SRV 1994</subfield>
    <subfield code="r">2016-05-03 00:00:00</subfield>
    <subfield code="t">C-3</subfield>
    <subfield code="w">2016-05-03</subfield>
    <subfield code="y">BK</subfield>
  </datafield>
  <datafield tag="952" ind1=" " ind2=" ">
    <subfield code="0">0</subfield>
    <subfield code="1">0</subfield>
    <subfield code="2">ddc</subfield>
    <subfield code="4">0</subfield>
    <subfield code="7">0</subfield>
    <subfield code="8">NFIC</subfield>
    <subfield code="a">RUCL</subfield>
    <subfield code="b">RUCL</subfield>
    <subfield code="c">Stack</subfield>
    <subfield code="d">1996-08-27</subfield>
    <subfield code="e">D: BA: LA: Raj.</subfield>
    <subfield code="g">63.00</subfield>
    <subfield code="l">0</subfield>
    <subfield code="o">B 294.5921 SRV 1994</subfield>
    <subfield code="r">2016-05-03 00:00:00</subfield>
    <subfield code="t">C-4</subfield>
    <subfield code="w">2016-05-03</subfield>
    <subfield code="y">BK</subfield>
  </datafield>
  <datafield tag="952" ind1=" " ind2=" ">
    <subfield code="0">0</subfield>
    <subfield code="1">0</subfield>
    <subfield code="2">ddc</subfield>
    <subfield code="4">0</subfield>
    <subfield code="7">0</subfield>
    <subfield code="8">NFIC</subfield>
    <subfield code="a">RUCL</subfield>
    <subfield code="b">RUCL</subfield>
    <subfield code="c">Stack</subfield>
    <subfield code="d">1996-08-27</subfield>
    <subfield code="e">D: BA: LA: Raj.</subfield>
    <subfield code="g">63.00</subfield>
    <subfield code="l">0</subfield>
    <subfield code="o">B 294.5921 SRV 1994</subfield>
    <subfield code="r">2016-05-03 00:00:00</subfield>
    <subfield code="t">C-5</subfield>
    <subfield code="w">2016-05-03</subfield>
    <subfield code="y">BK</subfield>
  </datafield>
  <datafield tag="952" ind1=" " ind2=" ">
    <subfield code="0">0</subfield>
    <subfield code="1">0</subfield>
    <subfield code="2">ddc</subfield>
    <subfield code="4">0</subfield>
    <subfield code="7">0</subfield>
    <subfield code="8">NFIC</subfield>
    <subfield code="a">RUCL</subfield>
    <subfield code="b">RUCL</subfield>
    <subfield code="c">Stack</subfield>
    <subfield code="d">1996-08-27</subfield>
    <subfield code="e">D: BA: LA: Raj.</subfield>
    <subfield code="g">63.00</subfield>
    <subfield code="l">0</subfield>
    <subfield code="o">B 294.5921 SRV 1994</subfield>
    <subfield code="r">2016-05-03 00:00:00</subfield>
    <subfield code="t">C-6</subfield>
    <subfield code="w">2016-05-03</subfield>
    <subfield code="y">BK</subfield>
  </datafield>
  <datafield tag="952" ind1=" " ind2=" ">
    <subfield code="0">0</subfield>
    <subfield code="1">0</subfield>
    <subfield code="2">ddc</subfield>
    <subfield code="4">0</subfield>
    <subfield code="7">0</subfield>
    <subfield code="8">NFIC</subfield>
    <subfield code="a">RUCL</subfield>
    <subfield code="b">RUCL</subfield>
    <subfield code="c">Stack</subfield>
    <subfield code="d">1996-05-27</subfield>
    <subfield code="e">Uttar Bongo Library, Rajshahi</subfield>
    <subfield code="g">63.00</subfield>
    <subfield code="l">0</subfield>
    <subfield code="o">B 294.5921 SRV 1994</subfield>
    <subfield code="r">2016-05-29 00:00:00</subfield>
    <subfield code="t">C-7</subfield>
    <subfield code="w">2016-05-29</subfield>
    <subfield code="y">BK</subfield>
  </datafield>
  <datafield tag="952" ind1=" " ind2=" ">
    <subfield code="0">0</subfield>
    <subfield code="1">0</subfield>
    <subfield code="2">ddc</subfield>
    <subfield code="4">0</subfield>
    <subfield code="7">0</subfield>
    <subfield code="8">NFIC</subfield>
    <subfield code="a">RUCL</subfield>
    <subfield code="b">RUCL</subfield>
    <subfield code="c">Stack</subfield>
    <subfield code="d">1996-08-27</subfield>
    <subfield code="e">Uttar Bongo Library, Rajshahi</subfield>
    <subfield code="g">45.00</subfield>
    <subfield code="l">0</subfield>
    <subfield code="o">B 294.5921 SRV 1994</subfield>
    <subfield code="r">2016-07-18 00:00:00</subfield>
    <subfield code="t">C-8</subfield>
    <subfield code="w">2016-07-18</subfield>
    <subfield code="y">BK</subfield>
  </datafield>
  <datafield tag="952" ind1=" " ind2=" ">
    <subfield code="0">0</subfield>
    <subfield code="1">0</subfield>
    <subfield code="2">ddc</subfield>
    <subfield code="4">0</subfield>
    <subfield code="7">0</subfield>
    <subfield code="8">NFIC</subfield>
    <subfield code="a">RUCL</subfield>
    <subfield code="b">RUCL</subfield>
    <subfield code="c">Stack</subfield>
    <subfield code="d">1996-08-27</subfield>
    <subfield code="e">D: BA: LA: Raj.</subfield>
    <subfield code="g">63.00</subfield>
    <subfield code="l">0</subfield>
    <subfield code="o">B 294.5921 SRV 1994</subfield>
    <subfield code="r">2017-05-04 00:00:00</subfield>
    <subfield code="t">C-9</subfield>
    <subfield code="w">2017-05-04</subfield>
    <subfield code="y">BK</subfield>
  </datafield>
</record>
